000 00614nam a2200217Ia 4500
003 OSt
005 20230516114125.0
008 210423s2013 xx 000 0 und d
020 _a978-0-19-807119-8
040 _cAL
041 _aeng
082 _a388 HALI
100 _aHALDEA (Gajendra)
_9105083
245 _aInfrastructure at crossroads: the challenges of governance
260 _aNew Delhi
_bOxford University Press
_c2013
300 _axxxi,263
_bHB
365 _b595
_cINR
650 _aCommerce
_9105084
906 _aat ; challenges ; crossroads: ; governance ; Infrastructure
942 _2ddc
_cBK
999 _c166308
_d166308